Ч. 1; Компьютеризация информационных процессов в управлении народным хозяйством

Bibliographische Detailangaben
Parent link:Компьютеризация информационных процессов в управлении народным хозяйством: тезисы докладов Всесоюзной научной конференции, 3-5 октября 1988 года/ Московский экономико-статистический институт (МЭСИ). Ч. 1.— , 1988
Körperschaft: Компьютеризация информационных процессов в управлении народным хозяйством
Sprache:Russisch
Veröffentlicht: 1988
Schlagworte:
Format: MixedMaterials Buch
KOHA link:https://koha.lib.tpu.ru/cgi-bin/koha/opac-detail.pl?biblionumber=264212

MARC

LEADER 00000nam2a2200000 4500
001 264212
005 20231101233818.0
035 |a (RuTPU)RU\TPU\book\287203 
035 |a RU\TPU\book\287202 
090 |a 264212 
100 |a 20140617d1988 k y0rusy50 ca 
101 0 |a rus 
102 |a RU 
105 |a a z 101zy 
200 0 |a Ч. 1 
210 |d 1988 
215 |a 143 с.  |c ил. 
320 |a Библиография в конце статей 
461 1 |0 (RuTPU)RU\TPU\book\301901  |t Компьютеризация информационных процессов в управлении народным хозяйством  |o тезисы докладов Всесоюзной научной конференции, 3-5 октября 1988 года  |o в 3 ч.  |f Московский экономико-статистический институт (МЭСИ)  |v Ч. 1  |d 1988 
606 1 |a Народное хозяйство  |x Управление  |x Математические методы  |2 stltpush  |3 (RuTPU)RU\TPU\subj\36477  |9 57842 
610 1 |a информационное обеспечение 
610 1 |a компьютеризация 
610 1 |a народное хозяйство 
610 1 |a управление 
610 1 |a ЭВМ 
610 1 |a применение 
610 1 |a конференции 
610 1 |a Москва 
686 |a У9(2)210.3л0  |v LBC/SL-A  |2 rubbk 
712 1 2 |a Компьютеризация информационных процессов в управлении народным хозяйством  |c Всесоюзная научная конференция  |e Москва  |f 1988 
801 1 |a RU  |b 63413507  |c 20140617 
801 2 |a RU  |b 63413507  |c 20150519  |g RCR 
942 |c BK